01389nam a2200277 a 450000100100000000500170001000800410002702000150006804000250008308200200010810000370012824500470016526000360021230000210024850000570026959000260032665000280035265000310038091000420041195201330045395201330058695201330071995201180085295201240097099900170109400001073920241130074012.0091009s1999 dr r 000 p spa d a9768175109 aDO-SdBNPbspacBNPHU aRD861.44bP944p1 aPérez, Odalís d1952-92382810aPapeles del eterno /cOdalís G. Pérez. aSanto Domingo :bCocolo,c1999. a121 p. ;c22 cm. aIncluye datos biográficos del autor en las solapas aInventariado, 2018/BT 0aPoesía dominicana966 0aLiteratura dominicana.967 aValidado. Control de calidad. MMOLINA 001054708DSaGRbGRcHDd2011-05-05iLF1l0oRD861.44 P944pp10739-30r2020-06-25te. 3w2020-06-25yLFDSZPréstamo en sala 001054708DSaGRbGRcHDd2011-05-05iLF1l0oRD861.44 P944pp10739-40r2020-06-25te. 4w2020-06-25yLFDSZPréstamo en sala 001054708DSaGRbGRcHDd2017-04-07iLF1l0oRD861.44 P944pp10739-90r2020-06-25te. 5w2020-06-25yLFDSZPréstamo en sala 0010718PDaPDbPDcHDd2009-10-10iLF1l0oRD861.44 P944pp10739-10r2020-06-25w2020-06-25yLFPDZNo se presta 0010718PDaPDbPDcHDd2011-04-18iLF1l0oRD861.44 P944pp10739-20r2020-06-25te. 2w2020-06-25yLFPDZNo se presta c10494d10494